00420 2200157 4500001002100000005001700021008004100038020001800079035002500097041000700122082001600129090002200145100002700167245002700194260004100221INLIS0000000000006560:yyyyMMddHHmmss180719||||||||| | ||| |||| || |  a979-692-087-5 a0010-031300000000656 aid0 a372.677 044 a372.677 044 MAJ m0 aAbdul Aziz Abdul Majid00aMendidik Dengan Cerita aBandungbPT. Remaja Rosdakaryac2005